000 01901nam a2200469 i 4500
001 xx005916417
003 NUKAT
005 20260401004535.0
008 260401s2018 pl a g |010 0dpol c
035 _a(NUKAT)xx005916417
040 _aOLSZT 008/bak
_bpol
_erda
_cOLSZT 008/bak
045 0 _bd1920
046 _k2018
245 0 0 _aPrzewodnik ścieżka dydaktyczno-historyczna Plebiscyt na Warmii, Mazurach i Powiślu w 1920 roku /
_copracowanie Hanna Krichhof, Grzegorz Wiergowski, Marek Zieliński.
246 3 0 _aŚcieżka dydaktyczno-historyczna Plebiscyt na Warmii, Mazurach i Powiślu w 1920 roku
260 _aRumian :
_b[wydawca nieznany],
_c2018.
300 _a[10] stron :
_bilustracje kolorowe ;
_c21 cm.
336 _aTekst
_btxt
_2rdacontent
337 _aBez urządzenia pośredniczącego
_bn
_2rdamedia
338 _aWolumin
_bnc
_2rdacarrier
380 _aKsiążki
380 _aPoradniki i przewodniki
380 _aPublikacje dydaktyczne
388 1 _a2001-
500 _aOpis według okładki; tekst na 2 i 3 stronie okładki.
600 1 7 _aLiss, Franciszek
_d(1855-1933)
_2DBN
_939378
600 1 7 _aRozentalski, Bolesław
_d(1897-1979).
_2kaba
_939384
648 7 _a1901-2000
_2DBN
_934996
648 7 _a1918-1939
_2DBN
_936041
650 7 _aPlebiscyt na Warmii, Mazurach i Powiślu (1920)
_2DBN
_939379
650 7 _aŚcieżki edukacyjne
_2DBN
_939381
651 7 _aGroszki (woj. warmińsko-mazurskie, pow. działdowski, gm. Rybno)
_2DBN
_939380
655 7 _aPrzewodnik historyczny
_2DBN
_935417
655 7 _aPublikacja okolicznościowa
_2DBN
_936813
658 _aHistoria
700 1 _aKirchhof, Hanna.
_eOpracowanie
_939313
700 1 _aWiergowski, Grzegorz.
_eOpracowanie
_939312
700 1 _aZieliński, Marek
_c(nauczyciel informatyki).
_eOpracowanie
_939377
942 _2ddc
_cBK_NM
999 _c27405
_d27405